Savitri (Record no. 159366)

MARC details
000 -LEADER
fixed length control field 00329nam a2200133Ia 4500
008 - FIXED-LENGTH DATA ELEMENTS--GENERAL INFORMATION
fixed length control field 230519s9999 xx 000 0 und d
041 ## - LANGUAGE CODE
Language code of text/sound track or separate title eng
082 ## - DEWEY DECIMAL CLASSIFICATION NUMBER
Classification number X/891/JOS/DB0663
100 ## - MAIN ENTRY--PERSONAL NAME
Personal name Joshi Leela
9 (RLIN) 180453
245 ## - TITLE STATEMENT
Title Savitri
260 ## - PUBLICATION, DISTRIBUTION, ETC. (IMPRINT)
Name of publisher, distributor, etc. Majestic Prakashan
Place of publication, distribution, etc. Mumbai
Date of publication, distribution, etc. 2016
300 ## - PHYSICAL DESCRIPTION
Extent 408p
Holdings
Withdrawn status Lost status Damaged status Not for loan Collection code Home library Current library Date acquired Cost, normal purchase price Bill number Total Checkouts Full call number Barcode Date last seen Date last checked out Bill Date Koha item type Original Barcode
          Smt. Bakul Tambat Institute of Nursing Education Smt. Bakul Tambat Institute of Nursing Education 08/02/2018 400.00 CM21973 5 X 891 JOS DB0663 BTIN-DB-663 29/07/2025 23/07/2025 07/02/2018 Donated Book DB0663